Southville International School and Colleges
Your cart is empty.
  • Cart
  • Lists
    Public lists Eva Luna New books Lux_list list_1
    Your lists Log in to create your own lists
  • Log in to your account
  • Your cookies
  • Search history
Southville International School and Colleges
  • Advanced search
  • Recent comments
  • Most popular
  • Libraries

Log in to your account

Log in with GOOGLE


If you do not have an external account, but do have a local account, you can still log in:

  1. Home
  2. MARC view: Transforming health care leadership :
Normal view MARC view ISBD view

Transforming health care leadership : (Record no. 288316)

[ view plain ]
MARC details
000 -LEADER
fixed length control field 02508cam a2200349 a 4500
001 - CONTROL NUMBER
control field 17667552
003 - CONTROL NUMBER IDENTIFIER
control field PILC
005 - DATE AND TIME OF LATEST TRANSACTION
control field 20150804153841.0
008 - FIXED-LENGTH DATA ELEMENTS--GENERAL INFORMATION
fixed length control field 130319s2013 caua b 001 0 eng
010 ## - LIBRARY OF CONGRESS CONTROL NUMBER
LC control number 2013011323
020 ## - INTERNATIONAL STANDARD BOOK NUMBER
International Standard Book Number 9781118505632 (hardback)
035 ## - SYSTEM CONTROL NUMBER
System control number (DNLM)101604371
040 ## - CATALOGING SOURCE
Original cataloging agency DNLM/DLC
Transcribing agency DLC
Modifying agency DLC
042 ## - AUTHENTICATION CODE
Authentication code pcc
050 00 - LIBRARY OF CONGRESS CALL NUMBER
Classification number RA 971.3
Item number .T73 2013
060 10 - NATIONAL LIBRARY OF MEDICINE CALL NUMBER
Classification number W 84 AA1
082 00 - DEWEY DECIMAL CLASSIFICATION NUMBER
Classification number 362.1068
245 00 - TITLE STATEMENT
Title Transforming health care leadership :
Remainder of title a systems guide to improve patient care, decrease costs, and improve population health /
Statement of responsibility, etc Michael Maccoby, Clifford L. Norman, C. Jane Norman, Richard Margolies.
250 ## - EDITION STATEMENT
Edition statement 1st ed.
260 ## - PUBLICATION, DISTRIBUTION, ETC. (IMPRINT)
Place of publication, distribution, etc San Francisco :
Name of publisher, distributor, etc Jossey-Bass,
Date of publication, distribution, etc 2013.
300 ## - PHYSICAL DESCRIPTION
Extent xxx, 384 pages :
Other physical details illustrations ;
Dimensions 24 cm.
500 ## - GENERAL NOTE
General note Includes bibliographical references and index.
505 0# - FORMATTED CONTENTS NOTE
Formatted contents note Introduction : from management myths to strategic intelligence -- Why and how health care organizations need to change -- Leading health care change -- Developing a leadership philosophy -- Leading with strategic intelligence and profound knowledge -- Changing health care systems with systems thinking -- Statistical thinking for health care leaders -- Understanding the psychology of collaborators -- A health care leader's role in building knowledge -- Three case studies : mastering change -- Leading change : first steps in employing strategic intelligence to get results.
520 ## - SUMMARY, ETC.
Summary, etc "Health care organizations are challenged to improve care at the bedside for patients, learn from individual patients to improve population health, and reduce per capita costs. To achieve these aims, leaders are needed in all parts of the organization need positive solutions. Transforming Health Care Leadership provides healthcare leaders with the knowledge and tools to master the unprecedented level of change that health care organizations and their leaders now face. It also challenges management myths that served in bureaucracies but mislead in learning organizations"--Provided by publisher.
650 22 - SUBJECT ADDED ENTRY--TOPICAL TERM
Topical term or geographic name as entry element Leadership
Geographic subdivision United States.
650 12 - SUBJECT ADDED ENTRY--TOPICAL TERM
Topical term or geographic name as entry element Delivery of Health Care
General subdivision organization & administration
Geographic subdivision United States.
650 22 - SUBJECT ADDED ENTRY--TOPICAL TERM
Topical term or geographic name as entry element Organizational Innovation
Geographic subdivision United States.
700 1# - ADDED ENTRY--PERSONAL NAME
Personal name Maccoby, Michael,
Dates associated with a name 1933-
776 08 - ADDITIONAL PHYSICAL FORM ENTRY
Display text Online version:
Title Transforming health care leadership
Edition 1st ed.
Place, publisher, and date of publication San Francisco : Jossey-Bass, c2013
International Standard Book Number 9781118603994
Record control number (DLC) 2013012230
906 ## - LOCAL DATA ELEMENT F, LDF (RLIN)
a 7
b cbc
c orignew
d 1
e ecip
f 20
g y-gencatlg
942 ## - ADDED ENTRY ELEMENTS (KOHA)
Source of classification or shelving scheme Library of Congress Classification
Koha item type Books
Call number prefix Foreign
Holdings
Withdrawn status Lost status Source of classification or shelving scheme Damaged status Home library Current library Shelving location Date acquired Source of acquisition Cost, normal purchase price Sub Shelving location Total Checkouts Full call number Barcode Date last seen Price effective from Koha item type
    Library of Congress Classification   College Library College Library Reserve Section 08/04/2015 Library Fund 2658.00     RA 971.3 .T73 2013 C19637 05/15/2018 08/04/2015 Books

Transforming health care leadership :

APA

Maccoby M., . (2013). Transforming health care leadership. San Francisco: Jossey-Bass.

Chicago

Maccoby Michael, . 2013. Transforming health care leadership. San Francisco: Jossey-Bass.

Harvard

Maccoby M., . (2013). Transforming health care leadership. San Francisco: Jossey-Bass.

MLA

Maccoby Michael, . Transforming health care leadership. San Francisco: Jossey-Bass. 2013.

  • Place hold
  • Print
  • Cite
  • Add to your cart (remove)
  • Save record
    BIBTEX Dublin Core MARCXML MARC (non-Unicode/MARC-8) MARC (Unicode/UTF-8) MARC (Unicode/UTF-8, Standard) MODS (XML) RIS
  • More searches
    Search for this title in:
    Other Libraries (WorldCat) Other Databases (Google Scholar) Online Stores (Bookfinder.com) Open Library (openlibrary.org)

Exporting to Dublin Core...

SOUTHVILLE LIBRARY

Southville International School and Colleges Library

1281 Tropical Ave. Cor. Luxembourg St., BF Homes International, Las Pinas City

Tel. No. 8256374 / 252358 Loc. 117/146

Powered by Koha